000 00538nam a2200157 4500
008 171117b xxu||||| |||| 00| 0 eng d
020 _a0415050340
082 _21992
_aDC 365.6
_bH84c
100 _923444
_aHarris, Robert, author.
245 _aCrime, criminal justice, and the probation service /
_cRobert Harris.
260 _aLondon ; New York :
_bTavistock/Routledge,
_c©1992.
300 _axi, 208 pages ;
_c22 cm.
500 _aIncludes bibliographical references.
650 0 _923445
_aProbation
_zGreat Britain
942 _2ddc
_cDC
999 _c7773
_d7773